Sabrina Carpenter - Paroles Sugar Talking - Statistiques

Statistiques générales
  • Ce quiz a été pris 26 fois
  • Le résultat moyen est 186 sur 244
Statistiques - réponses
Hint Réponse % Correct
sugar
100%
talking
100%
I
95%
is
90%
you
90%
Couplet 2 | Refrain You
90%
your
90%
Your
90%
Bridge Oh
85%
isn't
85%
me
85%
me)
85%
me,
85%
me),
85%
mouth
85%
oh
85%
oh)
85%
(Oh,
85%
Intro | Post-chorus Ooh,
85%
ooh,
85%
ooh
85%
Chorus Put
85%
to
85%
where
85%
working
85%
a
80%
do
80%
loving
80%
man,
80%
tonight,
80%
it
75%
shit
75%
so
75%
sorry
75%
want
75%
(want
75%
want,
75%
win
75%
Yeah,
75%
yeah
75%
ass
70%
baby,
70%
Get
70%
if
70%
last
70%
mean
70%
mine
70%
miss
70%
need
70%
(need
70%
prize?
70%
Say
70%
tell
70%
that
70%
week
70%
And
65%
and
65%
Big
65%
big
65%
But,
65%
But
65%
chance,
65%
cry
65%
doubt
65%
heart
65%
many
65%
mind
65%
said
65%
Couplet 1 Saying
65%
saying
65%
stop
65%
The
65%
the
65%
these
65%
with
65%
You're
65%
you're
65%
Boy,
60%
epiphanies
60%
for
60%
honey
60%
lot
60%
makin'
60%
money
60%
my
60%
nothing?
60%
of
60%
open
60%
paragraphs
60%
small
60%
times
60%
tired
60%
wallet
60%
apartment
55%
changed
55%
die
55%
filled
55%
first
55%
flowers
55%
It's
55%
one
55%
real
55%
Save
55%
up
55%
what
55%
whole
55%
word
55%
aren't
50%
breaks
50%
havin'
50%
know
50%
only
50%
seventh
50%
flag,
45%
verbatim
40%
Aucun quiz correspondant
Distribution des résultats
% des personnes avec chaque résultat
Percentile par nombre de réponses
Votre historique - résultats
Vous n’avez pas pris ce quiz